| 000 | 00629nam a2200241 a 4500 | ||
|---|---|---|---|
| 001 | 30374 | ||
| 003 | AR-BaAGN | ||
| 005 | 20231116150737.0 | ||
| 007 | ta | ||
| 008 | 220625s2006 ag |||||r|||| ||||||spa d | ||
| 020 | _a987-02-1622-6 | ||
| 040 |
_dAR-BaAGN _aAR-BaAGN _bspa _eaacr |
||
| 100 | 1 | _aOrden de Paracca, Gabriela de la | |
| 245 | 1 | 0 |
_aLos pueblos indios de Pomán : _bCatamarca siglos XVII a XX |
| 250 | _a1ª ed. | ||
| 260 |
_aBuenos Aires : _bDunken, _c2006. |
||
| 300 | _a160 páginas | ||
| 336 |
_2rdacontent _btxt |
||
| 337 |
_2rdamedia _bn |
||
| 338 |
_2rdacarrier _bnc |
||
| 942 | _cLIBRO | ||
| 999 |
_c30374 _d30374 |
||